Financie a mena

Uložené v:
Podrobná bibliografia
Hlavný autor: Kafková, Eva
Médium: Kniha
Jazyk:Slovak
Vydavateľské údaje: Košice Podnikovohospodárska fakulta EU 2012
Predmet:
Tagy: Pridať tag
Žiadne tagy, Buďte prvý, kto otaguje tento záznam!

MARC

LEADER 00000nam$a2200000$$$4500
001 0163021
005 20240502072827.0
041 0 |a slo 
044 |a SK 
245 1 0 |a Financie a mena  |c Eva Kafková 
264 1 |a Košice  |b Podnikovohospodárska fakulta EU  |c 2012 
300 |a [17 s.] 
610 2 0 |a financie 
610 2 0 |a mena 
610 2 0 |a peniaze 
610 2 0 |a zásoba peňažná 
100 1 |a Kafková, Eva